Catálogo
 En Linea

Caer en la carcel / (Registro nro. 13442)

Detalles MARC
000 -CABECERA
campo de control de longitud fija 00927nam a2200229 a 4500
001 - NÚMERO DE CONTROL
campo de control 000013831
005 - FECHA Y HORA DE LA ÚLTIMA TRANSACCIÓN
campo de control 20260324092932.0
008 - DATOS DE LONGITUD FIJA--INFORMACIÓN GENERAL
campo de control de longitud fija 091130s2004 dr a 000 e spa d
040 ## - FUENTE DE LA CATALOGACIÓN
Centro catalogador/agencia de origen DO-SdBNP
Lengua de catalogación spa
Centro/agencia transcriptor BNPHU
082 ## - NÚMERO DE LA CLASIFICACIÓN DECIMAL DEWEY
Número de clasificación RD864.44
Número de documento/Ítem P853c
049 ## - FONDOS LOCALES (OCLC)
Fondos de biblioteca BNPD
100 1# - ENTRADA PRINCIPAL--NOMBRE DE PERSONA
Nombre de persona Portorreal, Johnny
Fechas asociadas al nombre 1953-
9 (RLIN) 31331
245 10 - MENCIÓN DE TÍTULO
Título Caer en la carcel /
Mención de responsabilidad, etc. Johnny Portorreal Reyes; Editor Pablo Mejia.
260 ## - PUBLICACIÓN, DISTRIBUCIÓN, ETC.
Lugar de publicación, distribución, etc. Santo Domingo :
Nombre del editor, distribuidor, etc. [s.n.],
Fecha de publicación, distribución, etc. 2004.
300 ## - DESCRIPCIÓN FÍSICA
Extensión 162 p. ;
Dimensiones 24 cm.
504 ## - NOTA DE BIBLIOGRAFÍA, ETC.
Nota de bibliografía, etc. Incluye referencias bibliografícas
500 ## - NOTA GENERAL
Nota general Incluye datos bigráficos del autor en la contracubierta
500 ## - NOTA GENERAL
Nota general Lo que todo hombre y mujer y debe saber sobre las leyes. peninteciarias reales de las carceles por dentro y por fuera. Relatos de hechos horrorosos en prisiones y algunas vivencias del autor.
650 #4 - PUNTO DE ACCESO ADICIONAL DE MATERIA--TÉRMINO DE MATERIA
Término de materia o nombre geográfico como elemento de entrada Ensayos dominicanos
Subdivisión general Relatos personales
9 (RLIN) 31332
650 #0 - PUNTO DE ACCESO ADICIONAL DE MATERIA--TÉRMINO DE MATERIA
Término de materia o nombre geográfico como elemento de entrada Prisiones
9 (RLIN) 17091
700 1# - PUNTO DE ACCESO ADICIONAL--NOMBRE DE PERSONA
Nombre de persona Mejia, Pablo
9 (RLIN) 31333
Existencias
Estado de retiro Estado de pérdida No para préstamo Código de colección Localización permanente Ubicación/localización actual Ubicación en estantería Fecha de adquisición Número de inventario Total de préstamos Signatura topográfica completa Código de barras Fecha visto por última vez Número de copia Precio válido a partir de Tipo de ítem Koha Restricciones de uso
    Excluido de préstamo Dominicana de Servicio General General En catalogación 01.12.2009 LF1   RD864.44 P853c 13831-30 25.06.2020 e. 3 25.06.2020 Libro y Folleto Colección Dominicana de Servicio  
      Dominicana de Servicio General General En catalogación 01.12.2009 LF1   RD864.44 P853c 13831-40 25.06.2020 e. 4 25.06.2020 Libro y Folleto Colección Dominicana de Servicio  
      Dominicana de Servicio General General En catalogación 01.12.2009 LF1   RD864.44 P853c 13831-50 25.06.2020 e. 5 25.06.2020 Libro y Folleto Colección Dominicana de Servicio  
    Excluido de préstamo Patrimonio Dominicano Patrimonio Dominicano Patrimonio Dominicano En catalogación 30.11.2009 LF1   RD864.44 P853c 13831-10 25.06.2020   25.06.2020 Libro y Folleto Colección Patrimonio Dominicano  
    Excluido de préstamo Patrimonio Dominicano Patrimonio Dominicano Patrimonio Dominicano En catalogación 30.11.2009 LF1   RD864.44 P853c 13831-20 25.06.2020 e. 2 25.06.2020 Libro y Folleto Colección Patrimonio Dominicano  
      Patrimonio Dominicano Patrimonio Dominicano Patrimonio Dominicano Orden iniciada 30.11.2009 LF1   RD864.44 P853c 13832-10 25.06.2020   25.06.2020 Libro y Folleto Colección Patrimonio Dominicano  

Con tecnología Koha